01580nam a2200409 i 450000100060000000300080000600500170001400600190003100700150005000800410006502000280010603500210013404000310015505000260018608000110021208000110022308200180023410000260025224501170027826400640039530000700045933600310052933700330056033800430059349000570063650000230069350400290071658800830074565000460082865000500087465000270092465000340095165500270098570000370101283000580104985600630110733639FINmELB20241216220835.0m o d | cr cnu||||||||171005s2013 sp a ob 001 0 spa d a9788436829242q(e-book) a(OCoLC)935744171 aFINmELBbspaerdacFINmELB 4aHD60.5.S78bP944 2013 a336.71 a658.170 a332.106842231 aPérez Ruiz, Andrea.10aResponsabilidad social y marketing en el sector bancario /cAndrea Pérez Ruiz, Ignacio Rodríguez del Bosque. 1aMadrid :bDifusora Larousse - Ediciones Pirámide,c[2013] a1 recurso en línea (144 páginas sin numerar) :bIlustraciones atextobtxt2rdacontent/spa acomputadorabc2rdamedia/spa arecurso en líneabcr2rdacarrier/spa1 aColección Empresa y gestión. Sección Marketing aContiene índice. aContiene bibliografía. aDescripción basada en metadatos suministrados por el editor y otras fuentes. 0aSocial responsibility of businesszSpain. 4aResponsabilidad social empresarialzEspaña. 0aBank marketingzSpain. 4aMarketing bancariozEspaña. 4aLibros electrónicos.1 aRodríguez del Bosque, Ignacio. 0aColección Empresa y gestión. Sección Marketing.40uhttps://elibro.net/ereader/politecnicointernacional/114706